000
00284nam a22001217a 4500
008
230607b xxu||||| |||| 00| 0 eng d
020
_a
1857433661
082
_2
70
_a
920
_b
INT
100
_c
Robrert J. Elster
245
_a
The International Who's Who
300
_a
2340p
942
_2
ddc
_c
BK
999
_c
801
_d
801